| 000 | 00511cam a22001331 4500 | ||
|---|---|---|---|
| 082 |
_a942 _bTRE _cL-28, P-16 |
||
| 100 | 1 |
_aTrevelyan, George Macaulay, _946482 |
|
| 245 | 1 | 0 |
_aEnglish social history; _ba survey of six centuries, Chaucer to Queen Victoria, _cby G. M. Trevelyan ... |
| 260 |
_aLondon, _aNew York, _bLongmans, Green and Co. _c[1946] |
||
| 300 |
_axii, 628 p. _billus. (map, plans) diagr. _c23 cm. |
||
| 526 |
_a0 _b0 _c0 _d942_000000000000000_TRE |
||
| 650 | 7 |
_aHistoria Da Europa _946483 |
|
| 942 |
_2ddc _cBK |
||
| 999 |
_c549813 _d549813 |
||